01010naa a2200229 i 4500001000400000003000400004005001700008008003900025040000800064041000800072044000800080100012600088245013100214260001000345500004200355655003000397700011900427773009600546711011200642942001300754999001300767BPPBPK20180201110738.0151105s2003 pl f |100 0 eng cBPK aeng aPOL aSUSZYŃSKI, Zbigniew.d1996 - .bPolitechnika Koszalińska - Wydział Elektroniki,cKatedra Elektroniki Ciała Stałego aThe idea of thermal wave contrast images in analysis of thermal properties of solids /cZbigniew Suszyński, Piotr Majchrzak. c2003. aDane z bibliografii załącznikowej. 0aMateriały konferencyjne. aMAJCHRZAK, Piotr.d1998 - .bPolitechnika Koszalińska - Wydział Elektroniki,cKatedra Inżynierii Komputerowej iW :tProceedings XVII International Conference and Exhibition IMAPS. -d2003. -gs. 254-257 aInternational Conference IMAPS-Poland 2003n(27 ;d2003 ;cPodlesice / Gliwice, Polska).pIMAPS Poland 2003 cART2UKD c273d273